NUTRITION SCIENCE (Record no. 15842)

MARC details
000 -LEADER
fixed length control field 00328nam a22001577a 4500
003 - CONTROL NUMBER IDENTIFIER
control field SGT
020 ## - INTERNATIONAL STANDARD BOOK NUMBER
International Standard Book Number 978-81-239-2215-7
082 ## - DEWEY DECIMAL CLASSIFICATION NUMBER
Classification number 612.3
Item number N18G
100 ## - MAIN ENTRY--PERSONAL NAME
Personal name GAJALAKSHMI, R.
245 ## - TITLE STATEMENT
Title NUTRITION SCIENCE
250 ## - EDITION STATEMENT
Edition statement 1ST
260 ## - PUBLICATION, DISTRIBUTION, ETC. (IMPRINT)
Place of publication, distribution, etc INDIA
Name of publisher, distributor, etc CBS
Year of Publication 2018
300 ## - PAGE DESCRIPTION
No. of Pages 450
650 ## - SUBJECT ADDED ENTRY--TOPICAL TERM
Topical term or geographic name as entry element NUTRITION
942 ## - ADDED ENTRY ELEMENTS (KOHA)
Source of classification or shelving scheme Dewey Decimal Classification
Koha item type Books
942 ## - ADDED ENTRY ELEMENTS (KOHA)
-- 57
Holdings
Withdrawn status Lost status Source of classification or shelving scheme Damaged status Not for loan Collection code Home library Current library Shelving location Date acquired Vendor Name Cost, normal purchase price SGTU Bill Number Total Checkouts Full call number Accession No. (Barcode) Date last seen Date last borrowed Bill Date Koha item type
    Dewey Decimal Classification     MEDICAL SGT Medical Library SGT Medical Library Text Book 27/08/2018 ABC 325.00 SGTU 9842 12 612.3 N18G FM10821 21/06/2024 21/06/2024 21/06/2018 Books
    Dewey Decimal Classification     MEDICAL SGT Medical Library SGT Medical Library Text Book 27/08/2018 ABC 325.00 SGTU 9842 18 612.3 N18G FM10822 22/09/2025 29/08/2025 21/06/2018 Books
    Dewey Decimal Classification     MEDICAL SGT Medical Library SGT Medical Library Text Book 27/08/2018 ABC 325.00 SGTU 9842 21 612.3 N18G FM10823 16/05/2026 15/05/2026 21/06/2018 Books
    Dewey Decimal Classification     MEDICAL SGT Medical Library SGT Medical Library Text Book 27/08/2018 ABC 325.00 SGTU 9842 22 612.3 N18G FM10824 11/08/2025 11/08/2025 21/06/2018 Books
    Dewey Decimal Classification     MEDICAL SGT Medical Library SGT Medical Library Text Book 27/08/2018 ABC 325.00 SGTU 9842 21 612.3 N18G FM10825 11/08/2025 11/08/2025 21/06/2018 Books